000 00584nam a2200181Ia 4500
003 GCL
008 140319s9999 xx 000 0 ara d
040 _aGCL /
_cGCL
082 0 4 _a355.409
_bا و
100 1 _aاحمد صدقى الدجانى
245 1 0 _aوثائق الحوار العربى الاوروبى (1975 - 1985 ) /
_cاحمد صدقى الدجانى
260 _a[S.N] :
_bالمستقبل العربي ،
_c1986
300 _a544
490 _a
650 0 4 _aالسياسة العربية
650 0 4 _aالحوار العربى الاوربى
942 _2ddc
_cBK
999 _c57781
_d57781